Los prometidos esposos (Record no. 158660)

MARC details
000 -LEADER
campo de control de longitud fija 01062nam a2200205 i 4500
001 - NÚMERO DE CONTROL
campo de control 158660
003 - IDENTIFICADOR DE NÚMERO DE CONTROL
campo de control ES-MaACL
005 - FECHA Y HORA DE LA ÚLTIMA TRANSACCIÓN
campo de control 20230906211247.0
008 - DATOS DE LONGITUD FIJA--INFORMACIÓN GENERAL
campo de control de longitud fija 990701m18501851sp az |||| | spa d
040 ## - FUENTE DE CATALOGACIÓN
Centro catalogador/agencia de origen GA
Lengua de catalogación spa
Centro/agencia transcriptor CCPB | 3D
100 1# - ENTRADA PRINCIPAL--NOMBRE DE PERSONA
Nombre de persona Manzoni, Alessandro.
9 (RLIN) 76238
245 14 - MENCIÓN DEL TÍTULO
Título Los prometidos esposos
Resto del título : historia milanesa del siglo XVII /
Mención de responsabilidad, etc. por Alejandro Manzoni ; seguida de la historia de la columna infame, inédita del mismo ; traducidas del italiano por José Alegret de Mesa.
260 ## - PUBLICACIÓN, DISTRIBUCIÓN, ETC.
Lugar de publicación, distribución, etc. Madrid :
Nombre del editor, distribuidor, etc. Cabello y Hermano,
Fecha de publicación, distribución, etc. 1850-1851 (
Fabricante Establecimiento Tipográfico de A. Vicente)
300 ## - DESCRIPCIÓN FÍSICA
Extensión 2 v. (t.I, 1850 (311 p., [5] h. de lám.) y t.II, 1850-1851 (306 p., [4] p. de lám., 84 p.) :
Otras características físicas il. ;
Dimensiones 27 cm.
500 ## - NOTA GENERAL
Nota general Las 84 p. corresponden a "Historia de la columna infame" con portadilla propia a cuyo verso consta: Madrid: Imprenta de A. Vicente, 1851.
597 ## - NOTA DE DESCRIPCIÓN FÍSICA
NOTA DE DESCRIPCIÓN FÍSICA 3 t. en 1 v.
597 ## - NOTA DE DESCRIPCIÓN FÍSICA
NOTA DE DESCRIPCIÓN FÍSICA Port. con grab. calc.
700 1# - ENTRADA AGREGADA--NOMBRE PERSONAL
Nombre de persona Alegret de Mesa, José.
9 (RLIN) 125600
852 ## - LOCALIZACIÓN
Ubicación ES-MaACL
Número de control de estantería C-1712-13
Nota libre -- Enc. hol.
-- -- Legado M. de la Fuente
Holdings
Estatus retirado Estado de pérdida Estado de daño No para préstamo Colección Biblioteca de origen Biblioteca actual Ubicación en estantería Fecha de adquisición Total de préstamos Signatura topográfica completa Código de barras Visto por última vez Precio de reemplazo Tipo de ítem Koha
        Libros del s. XIX Biblioteca del Ateneo de Madrid Biblioteca del Ateneo de Madrid Sala Palomar 17/01/2008   C-1712-13 1166068 23/02/2023 23/02/2023 Libro impreso antiguo